El control internacional de la aplicacin̤ de los acuerdos ambientales universales

Detalles Bibliográficos
Autor principal: Cardesa Salzmann, Antonio
Formato: eBook
Lenguaje:español
Publicado: Madrid: Marcial Pons, 2011
Materias:
Acceso en línea:Acceso restringido

MARC

LEADER 00000nam a22000007a 4500
005 20180227213252.0
007 cr|||| ||||
008 180227s2011 es |||||s|||| 00||0 spa d
020 |a 978-84-9123-325-1 
035 |a 20985 
040 |a vLex 
090 |c 7423  |d 7423 
100 1 |a Cardesa Salzmann, Antonio 
245 1 2 |a El control internacional de la aplicacin̤ de los acuerdos ambientales universales  |h [Recurso electrn̤ico] /  |c Antonio Cardesa Salzmann 
256 |a Servicio en ln̕ea 
260 |a Madrid:  |b Marcial Pons,  |c 2011 
300 |a 1 recurso electrn̤ico 
500 |a Desde los aǫs setenta del siglo pasado, la comunidad internacional coopera a escala universal para hacer frente a acuciantes problemas ambientales que acechan al conjunto de la humanidad, y que ponen en riesgo el desarrollo humano, social y econm̤ico de gran parte de la poblacin̤ de la Tierra. As,̕ numerosos tratados internacionales abordan la lucha contra problemas ambientales de dimensin̤ planetaria, tales como el cambio climt̀ico, la descomposicin̤ de la capa de ozono, la creciente desertificacin̤ del planeta o la přdida de diversidad biolg̤ica a gran escala. Sin embargo, por importantes que sean las obligaciones que los Estados asumen en estos tratados, de nada sirven si sus disposiciones no se aplican, y los pas̕es no cumplen los compromisos adquiridos. En atencin̤ a ello, estos tratados establecen mecanismos y procedimientos especf̕icos para promover su aplicacin̤ y cumplimiento e incrementar la eficacia de la cooperacin̤ internacional para la proteccin̤ del medio ambiente. La presente obra centra su objeto de estudio en el control internacional de la aplicacin̤ de los acuerdos ambientales universales. Para ello, parte de que estos mecanismos y procedimientos son fruto del contexto normativo del cual emergen: su gestacin̤ obedecera̕ precisamente a la adaptacin̤ de las normas secundarias del Derecho internacional elaboradas para la aplicacin̤ de normas primarias reguladoras de relaciones bilaterales y recp̕rocas, a un contexto normativo nuevo, presidido por la naturaleza crecientemente colectiva de los regm̕enes ambientales universales. As ̕pues, se estudian en ella los aspectos institucionales y procedimentales del funcionamiento del control internacional de la aplicacin̤ de los acuerdos ambientales universales, en atencin̤ a la naturaleza jurd̕ica de las obligaciones convencionales centrales. 
506 1 |a Disponible solo en los productos indicados  |d vLex Global  |d vLex Global (Academic Edition, excluding Law Schools)  |d vLex Global (U.S. Academic Edition, Law Schools)  |d vLex Global (U.S. Academic Edition, excluding Law Schools)  |d vLex Global (Academic Edition, Law Schools) 
650 0 4 |a Derecho Internacional  |z Espaą 
740 0 |a vLex Libros (Servicio en ln̕ea) 
856 4 0 |u http://vlex.com/source/control-internacional-de-la-aplicacion-de-los-acuerdos-ambientales-universales-20985  |z Acceso restringido 
942 |c BOOK 
999 0 |a International right